Statistics for Country Transits: Further Away from Fifa World Cup Hosts

Click here to take the quiz!

General Stats

  • This quiz has been taken 37 times
  • The average score is 22 of 32

Answer Stats

CTD COUNTRY % Correct
5Togo
90%
4Egypt
87%
4Somalia
84%
5Ghana
84%
4Nigeria
84%
4Cameroon
81%
4Sudan
81%
4Benin
77%
4Ethiopia
77%
4South Sudan
77%
4Gambia
77%
4Guinea-Bissau
74%
5Djibouti
74%
4Burkina Faso
74%
4Guinea
74%
5Eritrea
74%
4Malaysia
71%
5Equatorial Guinea
71%
5Liberia
71%
4Central African Republic
68%
5Indonesia
68%
4Chad
68%
4Cote d'Ivoire
68%
5Sierra Leone
65%
4Gabon
65%
6East Timor
61%
5Brunei
55%
6Papua New Guinea
52%
4Macedonia
45%
4Kosovo
42%
4Albania
39%
4Lebanon
32%

Score Distribution

Percentile by Number Answered

Percent of People with Each Score

Your Score History

You have not taken this quiz